00683pab a2200217 454500008004000000100001800040245007600058260000900134300001300143362001000156650003100166650004000197650002000237700001700257700001900274773003400293908000600327909001000333999001700343952010500360180718b2007 xxu||||| |||| 00| 0 eng d aRani, Sandhya aMaternal health care seeking among tribal adolescent girls in Jharkhand c2007 ap.56-61. a1 Dec aTribes - India - Jharkhand aHealth services - India - Jharkhand aHealth services aSharan, Mona aGhosh, Saswata aEconomic and Political Weekly aN a76663 c76663d76663 00104070aIIPAbIIPAd2018-07-19hVolume no: 42, Issue no: 48pAR77123r2018-07-19w2018-07-19yAR